[Event "San Francisco TNM Summer op"]
[Site "San Francisco"]
[Date "2009.06.25"]
[Round "5"]
[White "Goins, Demetrius"]
[Black "Lum, Michael"]
[Result "1/2-1/2"]
[WhiteElo "2001"]
[BlackElo "1804"]
[PlyCount "67"]
[EventDate "2009.05.26"]
[EventType "swiss"]
[EventRounds "8"]
[EventCountry "USA"]
[SourceTitle "EXT 2012"]
[Source "ChessBase"]
[SourceDate "2011.11.24"]
[SourceVersion "1"]
[SourceVersionDate "2011.11.24"]
[SourceQuality "1"]

1. d4 Nf6 2. Nf3 e6 3. c4 b6 4. a3 Bb7 5. Nc3 Be7 6. e3 d6 7. Be2 Nbd7 8. Qc2 c5 9. 0-0 0-0 10. b3 a6 11. Rd1 Qc7 12. Bb2 Rac8 13. Rac1 Rfd8 14. Nd2 cxd4 15. exd4 d5 16. cxd5 exd5 17. Qf5 Qb8 18. Nf1 g6 19. Qf3 Ne4 20. Qd3 f5 21. f3 Nxc3 22. Rxc3 Rxc3 23. Qxc3 Bd6 24. Bd3 Re8 25. Re1 Nf6 26. Qd2 Rxe1 27. Qxe1 Qe8 28. Qxe8+ Nxe8 29. Bc1 Ng7 30. Ne3 Bf4 31. g3 Bd6 32. Nc2 Ne6 33. Kf2 Kf7 34. Bd2 1/2-1/2

[Event "San Francisco TNM Summer op"]
[Site "San Francisco"]
[Date "2009.05.26"]
[Round "1"]
[White "Goins, Demetrius"]
[Black "Lara, Jaime"]
[Result "1-0"]
[WhiteElo "2001"]
[BlackElo "1670"]
[PlyCount "81"]
[EventDate "2009.05.26"]
[EventType "swiss"]
[EventRounds "8"]
[EventCountry "USA"]
[SourceTitle "EXT 2012"]
[Source "ChessBase"]
[SourceDate "2011.11.24"]
[SourceVersion "1"]
[SourceVersionDate "2011.11.24"]
[SourceQuality "1"]

1. d4 d5 2. c4 e6 3. Nc3 c6 4. Nf3 Nf6 5. Bg5 Be7 6. e3 Nbd7 7. Qc2 dxc4 8. Bxc4 0-0 9. 0-0 Re8 10. Rad1 a6 11. e4 h6 12. Bh4 b5 13. Bb3 Bb7 14. Ne5 Nf8 15. f4 Qb6 16. f5 c5 17. fxe6 Nxe6 18. Bxe6 Qxe6 19. Nxf7 cxd4 20. e5 Qxf7 21. exf6 gxf6 22. Ne4 Rac8 23. Qd3 Qg7 24. Rf3 Kh8 25. Rg3 Bxe4 26. Qxe4 Bd6 27. Rxg7 Rxe4 28. Bxf6 Be5 29. Rc7+ Bxf6 30. Rxc8+ Kg7 31. Kf2 Re6 32. g3 d3 33. Rcc1 Rd6 34. b3 b4 35. Rc4 Bc3 36. Ke3 d2 37. a3 a5 38. axb4 axb4 39. Ke4 Kg6 40. h3 h5 41. Rc5 1-0

[Event "San Francisco Chernev Memorial"]
[Site "San Francisco"]
[Date "2008.09.09"]
[Round "6"]
[White "Sainz, Guadalupe"]
[Black "Goins, Demetrius"]
[Result "1/2-1/2"]
[WhiteElo "1835"]
[BlackElo "1996"]
[PlyCount "49"]
[EventDate "2008.08.05"]
[EventType "swiss"]
[EventRounds "8"]
[EventCountry "USA"]
[SourceTitle "CBM 126 Extra"]
[Source "ChessBase"]
[SourceDate "2008.11.05"]
[SourceVersion "1"]
[SourceVersionDate "2008.11.05"]
[SourceQuality "1"]

1. d4 d5 2. c4 e6 3. Nc3 Nf6 4. cxd5 exd5 5. Bg5 Be7 6. Bxf6 Bxf6 7. e3 0-0 8. Bd3 g6 9. Nf3 b6 10. b4 c5 11. bxc5 bxc5 12. 0-0 Nc6 13. Bb5 Ne7 14. h3 Be6 15. Rc1 Rb8 16. Qa4 Qb6 17. dxc5 Qxc5 18. Ne4 Qxb5 19. Nxf6+ Kg7 20. Qh4 Nf5 21. Qg5 h6 22. Nh5+ Kh7 23. Nf6+ Kg7 24. Nh5+ Kh7 25. Nf6+ 1/2-1/2

[Event "San Francisco Chernev Memorial"]
[Site "San Francisco"]
[Date "2008.08.12"]
[Round "2"]
[White "Farzaneh Far, Ramin"]
[Black "Goins, Demetrius"]
[Result "1-0"]
[WhiteElo "1823"]
[BlackElo "1996"]
[PlyCount "57"]
[EventDate "2008.08.05"]
[EventType "swiss"]
[EventRounds "8"]
[EventCountry "USA"]
[SourceTitle "CBM 126 Extra"]
[Source "ChessBase"]
[SourceDate "2008.11.05"]
[SourceVersion "1"]
[SourceVersionDate "2008.11.05"]
[SourceQuality "1"]

1. e4 c5 2. Nf3 d6 3. d4 cxd4 4. Nxd4 Nf6 5. Nc3 a6 6. Be3 e5 7. Nb3 Be6 8. Qd2 Be7 9. 0-0-0 Nbd7 10. f3 0-0 11. g4 Nb6 12. g5 Nfd7 13. h4 Rc8 14. h5 Nc4 15. Bxc4 Rxc4 16. g6 Rc8 17. h6 fxg6 18. hxg7 Kxg7 19. Qh2 Rh8 20. Bh6+ Kf7 21. f4 exf4 22. Qxf4+ Kg8 23. Nd4 Bf7 24. Rdf1 Ne5 25. Rhg1 Qb6 26. Nf5 Qd8 27. Bg7 Be6 28. Bxe5 Bxf5 29. Qxf5 1-0

[Event "Imre Konig Memorial g/45"]
[Site "San Francisco"]
[Date "2006.04.15"]
[Round "5"]
[White "Krubnik, Ewelina"]
[Black "Goins, Demetrius"]
[Result "0-1"]
[WhiteElo "1768"]
[BlackElo "1947"]
[PlyCount "54"]
[EventDate "2006.04.15"]
[EventType "swiss (rapid)"]
[EventRounds "5"]
[EventCountry "USA"]
[SourceTitle "EXT 2007"]
[Source "ChessBase"]
[SourceDate "2006.11.23"]
[SourceVersion "1"]
[SourceVersionDate "2006.11.23"]
[SourceQuality "1"]

1. d4 d5 2. c4 e6 3. Nc3 Nf6 4. Bg5 Nbd7 5. e3 Be7 6. Bd3 c6 7. Nge2 dxc4 8. Bxc4 b5 9. Bd3 Bb7 10. 0-0 a6 11. Ng3 c5 12. dxc5 Nxc5 13. Bc2 0-0 14. Qe2 b4 15. Rfd1 Qb6 16. Nb1 Rfd8 17. Nd2 Qc6 18. Nf3 Ncd7 19. Rac1 Qb6 20. Bf4 Rac8 21. h3 h6 22. Nf1 a5 23. Bb1 Nd5 24. Bh2 N7f6 25. e4 Nc7 26. e5 Nd7 27. N1d2 Qa6 0-1